Fundamentals Of Engineering Thermodynamics (Record no. 67186)
[ view plain ]
| 000 -LEADER | |
|---|---|
| fixed length control field | 00209nam a22000977a 4500 |
| 082 ## - DEWEY DECIMAL CLASSIFICATION NUMBER | |
| Classification number | 621.4021MOR |
| 100 ## - MAIN ENTRY--AUTHOR NAME | |
| Personal name | Moran,M.J |
| 245 ## - TITLE STATEMENT | |
| Title | Fundamentals Of Engineering Thermodynamics |
| 300 ## - PHYSICAL DESCRIPTION | |
| Number of Pages | 1004p |
| 942 ## - ADDED ENTRY ELEMENTS (KOHA) | |
| Koha item type | Books |
| Withdrawn status | Lost status | Home library | Current library | Date acquired | Full call number | Accession Number | Koha item type |
|---|---|---|---|---|---|---|---|
| Central Library, QUEST, Nawabshah | Central Library, QUEST, Nawabshah | 23/08/2021 | 621.4021MOR | D2107 | Books |